Normal view MARC view
  • ELECTRICAL WIRING-INDUSTRIAL ELECTRICAL WIRING-DESIGN INSTALLATION AND MAINTENANC

Entry Topical Term

Number of records used in: 1

001 - CONTROL NUMBER

  • control field: 79689

003 - CONTROL NUMBER IDENTIFIER

  • control field: NUST

005 - DATE AND TIME OF LATEST TRANSACTION

  • control field: 20210628210515.0

008 - FIXED-LENGTH DATA ELEMENTS

  • fixed length control field: 210628|| aca||aabn | a|a d

040 ## - CATALOGING SOURCE

  • Original cataloging agency: NUST
  • Transcribing agency: NUST

150 ## - HEADING--TOPICAL TERM

  • Topical term or geographic name entry element: ELECTRICAL WIRING-INDUSTRIAL ELECTRICAL WIRING-DESIGN INSTALLATION AND MAINTENANC

670 ## - SOURCE DATA FOUND

  • Source citation: Work cat.: (NUST): Traister, John E 78646, Industrial electrical wiringdesign installation and maintenance, 1997
© 2023 Central Library, National University of Sciences and Technology. All Rights Reserved.